000 01352nam a22003137a 4500
001 05111
003 HDC
007 cr bn ---aaaaa
008 210119b20122012xxu||||| |||| 00| 0 eng d
020 _a9781439850237
040 _aHDC
245 0 _aHandbook of Animal-Based Fermented Food and Beverage Technology:
_bChapter 2, Dairy Starter Cultures
_c / Ana Rodriguez, Beatriz Martinez, and Juan E. Suarez
250 _aSecond edition
260 _aUnited States:
_bCRC Press (Taylor & Francis),
_c2012
300 _a1 online resource (18 pages)
336 _atext
_2rdacontent
337 _acomputer
_2rdamedia
338 _aonline resource
_2rdacarrier
500 _aOriginally published: Handbook of Animal-Based Fermented Food and Beverage Technology (xvi, 798 pages: illustrations)
_aIncludes bibliographical references
650 _aBeverages
_xMicrobiology
_vHandbooks, manuals, etc.
_95354
650 _aFermented foods
_vHandbooks, manuals, etc.
_95353
700 _aMartinez, Beatriz
_econtributor
_95357
700 _aRodriguez, Ana
_econtributor
_95356
700 _aSuarez, Juan E.
_econtributor
_95358
856 _zRequest full-text at [email protected]
942 _2lcc
942 _cCHAP
942 _kEBCH 004058
999 _c2435
_d2435